000
002440000a22000970004500
245
1
0
_a
Itinerario de la pasión
300
_a
Vol.48, núm.205 (1993), Pàginas 10-12
650
1
4
_a
SEMANA SANTA
773
0
_t
La Biblia en las Américas
942
_c
ANA
999
_c
62905
_d
62905